La problemática de la ordenación territorial en Indias, ss. XVI-XVIII
Análisis histórico-jurídico de los vocablos utilizados para designar las diferentes demarcaciones: territoriales, gubernativas o jurisdiccionales, en Indias
Shranjeno v:
| Glavni avtor: | |
|---|---|
| Format: | Neznan |
| Izdano: |
Madrid:
Universidad Complutense,
|
| Teme: | |
| Oznake: |
Označite
Brez oznak, prvi označite!
|
MARC
| LEADER | 000000000a22000000004500 | ||
|---|---|---|---|
| 001 | 000339 | ||
| 022 | |a 1132-8312 | ||
| 041 | 0 | |a español | |
| 100 | 1 | |a Vas Mingo, Marta Milagros de | |
| 245 | 1 | 0 | |a La problemática de la ordenación territorial en Indias, ss. XVI-XVIII |
| 260 | |a Madrid: |b Universidad Complutense, | ||
| 520 | |a Análisis histórico-jurídico de los vocablos utilizados para designar las diferentes demarcaciones: territoriales, gubernativas o jurisdiccionales, en Indias | ||
| 650 | 4 | |a ORDENACION TERRITORIAL | |
| 773 | 0 | |t Revista Complutense de Historia de América | |
| 773 | 0 | |g 25 | |
| 773 | 0 | |g 1999 | |
| 773 | 0 | |g 67-98 páginas | |
| 999 | |c 866 |d 866 | ||
